000 00582nam a2200181 a 4500
005 20140310183407.0
008 121018s19uu xx 00 eng d
020 _a9780205511440
050 _aPN 3355
_b.J57 2007
100 _aJohnston, Sibyl
245 _aThe Longman guide to writing beginning fiction /
_cSibyl Johnston.
260 _aNew York, NY :
_bPearson/Longman,
_c2007.
300 _axvi, 272 p. :
_bill. ;
_c24 cm.
500 _aIncludes bibliographical references (p. 255-260) and index.
650 _aFiction
_xAuthorship
942 _cBK
_2lcc
_kFOR
999 _c22433
_d22433